Statistics for Countries, US States, Capitals, Elements, 100 Most Common Words: 2 Double Letters

Click here to take the quiz!

General Stats

  • This quiz has been taken 206 times
  • The average score is 5 of 10

Answer Stats

ANSWER % Correct
{Mi}{ss}{i}{ss}{i}{pp}{i}
89%
{Ul}{aa}{nb}{aa}{tar}
75%
{Te}{nn}{e}{ssee}{}
68%
{Ma}{ss}{achuse}{tt}{s}
63%
{Bra}{zz}{avi}{ll}{e}
55%
{Ta}{ll}{aha}{ssee}{}
53%
{Ando}{rr}{a la Ve}{lla}
45%
{Ta}{ll}{i}{nn}{}
35%
{Ba}{ss}{ete}{rr}{e}
25%
{Va}{ll}{e}{tt}{a}
24%

Score Distribution

Percentile by Number Answered

Percent of People with Each Score

Your Score History

You have not taken this quiz